000 00531nam a2200169 i 4500
001 78045
003 ES-MaACL
005 20230906173518.0
007 t|
008 041011s1972 sp ||||1| spa d
100 1 _aHarris, F.
_961909
245 1 0 _aFluidoterapia en Pediatría /
_cF. Harris ; capítulo 16 y versión, José Mª Bertrán Sangés.
260 _aBarcelona :
_bEd. Pediátrica,
_c1972.
300 _aVII, 179 p. ;
_c23 cm.
700 1 _aBertrán Sangés, José María.
_928507
852 _aES-MaACL
_jC-49744
_bR.84276
999 _c78045
_d78045